[Event "13e open internationnal de Sautron"]
[Site "Sautron"]
[Date "2013.10.28"]
[Round "3.6"]
[White "Kasparov, Sergey"]
[Black "Migot, Tangi"]
[Result "1-0"]
[LiveChessVersion "1.4.2"]
[BlackElo "2354"]
[WhiteElo "2480"]

1. e4 {[%clk 1:30:57]} e5 {[%clk 1:30:48]} 2. Nf3 {[%clk 1:31:21]} Nc6
{[%clk 1:31:07]} 3. Bb5 {[%clk 1:31:48]} a6 {[%clk 1:31:09]} 4. Bxc6
{[%clk 1:32:16]} dxc6 {[%clk 1:31:33]} 5. O-O {[%clk 1:32:40]} f6
{[%clk 1:30:36]} 6. d4 {[%clk 1:32:55]} Bg4 {[%clk 1:30:59]} 7. dxe5
{[%clk 1:33:20]} Qxd1 {[%clk 1:31:00]} 8. Rxd1 {[%clk 1:33:48]} fxe5
{[%clk 1:31:22]} 9. Nbd2 {[%clk 1:34:13]} O-O-O {[%clk 1:29:55]} 10. Re1
{[%clk 1:33:49]} Bd6 {[%clk 1:30:00]} 11. h3 {[%clk 1:34:08]} Bh5
{[%clk 1:28:17]} 12. Nh4 {[%clk 1:34:10]} Ne7 {[%clk 1:22:53]} 13. Nc4
{[%clk 1:32:16]} h6 {[%clk 1:20:51]} 14. Nf5 {[%clk 1:31:04]} Nxf5
{[%clk 1:20:58]} 15. exf5 {[%clk 1:31:29]} Rhe8 {[%clk 1:20:56]} 16. Nxd6+
{[%clk 1:31:03]} cxd6 {[%clk 1:12:01]} 17. f4 {[%clk 1:30:23]} exf4
{[%clk 0:51:29]} 18. Bxf4 {[%clk 1:30:07]} Kd7 {[%clk 0:48:31]} 19. g4
{[%clk 1:23:34]} Bf7 {[%clk 0:48:31]} 20. Kf2 {[%clk 1:23:46]} c5
{[%clk 0:39:18]} 21. a3 {[%clk 1:19:59]} Rxe1 {[%clk 0:37:17]} 22. Rxe1
{[%clk 1:19:11]} Re8 {[%clk 0:37:42]} 23. Rd1 {[%clk 1:16:05]} d5
{[%clk 0:37:34]} 24. c3 {[%clk 1:15:35]} Kc6 {[%clk 0:33:03]} 25. Be3
{[%clk 1:00:58]} Bg8 {[%clk 0:31:08]} 26. Kf3 {[%clk 0:58:09]} b6
{[%clk 0:27:07]} 27. Rg1 {[%clk 0:52:04]} Bh7 {[%clk 0:24:17]} 28. h4
{[%clk 0:50:03]} a5 {[%clk 0:19:47]} 29. h5 {[%clk 0:47:56]} a4 {[%clk 0:14:34]}
30. Rd1 {[%clk 0:43:18]} Bg8 {[%clk 0:10:11]} 31. Bf4 {[%clk 0:41:51]} Bf7
{[%clk 0:10:09]} 32. Rd3 {[%clk 0:39:54]} Re1 {[%clk 0:04:46]} 33. Re3
{[%clk 0:38:23]} Rf1+ {[%clk 0:04:49]} 34. Kg3 {[%clk 0:38:51]} Rg1+
{[%clk 0:05:12]} 35. Kh3 {[%clk 0:38:04]} Rf1 {[%clk 0:05:13]} 36. Be5
{[%clk 0:37:28]} Bxh5 {[%clk 0:03:58]} 37. gxh5 {[%clk 0:37:35]} Rxf5
{[%clk 0:04:17]} 38. Kh4 {[%clk 0:36:42]} Rg5 {[%clk 0:02:24]} 39. Bg3
{[%clk 0:36:38]} d4 {[%clk 0:01:45]} 40. cxd4 {[%clk 1:00:56]} cxd4
{[%clk 0:32:11]} 41. Re6+ {[%clk 1:01:11]} Kd5 {[%clk 0:22:46]} 42. Rxb6
{[%clk 1:00:28]} d3 {[%clk 0:23:08]} 43. Bf4 {[%clk 0:56:02]} Rg2
{[%clk 0:21:26]} 44. Kh3 {[%clk 0:52:31]} Rc2 {[%clk 0:18:54]} 45. Kg3
{[%clk 0:47:19]} Ke4 {[%clk 0:19:10]} 46. Rb4+ {[%clk 0:44:03]} Kd5
{[%clk 0:16:11]} 47. Rb7 {[%clk 0:43:26]} Ke4 {[%clk 0:16:08]} 48. Rb4+
{[%clk 0:40:47]} Kd5 {[%clk 0:16:27]} 49. Kf3 {[%clk 0:41:15]} d2
{[%clk 0:15:58]} 50. Ke2 1-0

[Event "13e open internationnal de Sautron"]
[Site "Sautron"]
[Date "2013.10.28"]
[Round "3.7"]
[White "Haub, Thorsten Michael"]
[Black "Peric, Slavisa"]
[Result "1-0"]
[LiveChessVersion "1.4.2"]
[BlackElo "2199"]
[WhiteElo "2455"]

1. g3 {[%clk 1:30:57]} d5 {[%clk 1:30:34]} 2. Bg2 {[%clk 1:31:22]} c6
{[%clk 1:30:52]} 3. d3 {[%clk 1:31:46]} Bg4 {[%clk 1:29:44]} 4. Nf3
{[%clk 1:32:03]} Nd7 {[%clk 1:30:03]} 5. O-O {[%clk 1:31:46]} Ngf6
{[%clk 1:28:49]} 6. Nbd2 {[%clk 1:31:39]} e6 {[%clk 1:28:36]} 7. h3
{[%clk 1:32:00]} Bh5 {[%clk 1:29:00]} 8. e4 {[%clk 1:31:50]} dxe4
{[%clk 1:28:48]} 9. dxe4 {[%clk 1:29:51]} Bc5 {[%clk 1:27:10]} 10. Qe1
{[%clk 1:25:09]} e5 {[%clk 1:21:46]} 11. Nh4 {[%clk 1:22:37]} O-O
{[%clk 1:19:48]} 12. a4 {[%clk 1:19:59]} a5 {[%clk 1:16:27]} 13. Nf5
{[%clk 1:16:10]} Bg6 {[%clk 1:15:53]} 14. Nc4 {[%clk 1:15:44]} Qc7
{[%clk 1:12:22]} 15. Qe2 {[%clk 1:11:02]} Rfe8 {[%clk 1:10:35]} 16. Qf3
{[%clk 1:01:24]} Bxf5 {[%clk 1:00:24]} 17. Qxf5 {[%clk 1:01:24]} b5
{[%clk 0:51:42]} 18. Na3 {[%clk 0:51:08]} Bxa3 {[%clk 0:36:31]} 19. Rxa3
{[%clk 0:51:14]} Nb6 {[%clk 0:36:48]} 20. axb5 {[%clk 0:47:26]} cxb5
{[%clk 0:36:52]} 21. Rc3 {[%clk 0:47:48]} Qd6 {[%clk 0:33:06]} 22. Qf3
{[%clk 0:46:02]} Rac8 {[%clk 0:30:09]} 23. Rd1 {[%clk 0:43:58]} Qb4
{[%clk 0:25:51]} 24. Rxc8 {[%clk 0:33:11]} Rxc8 {[%clk 0:25:59]} 25. Qd3
{[%clk 0:33:24]} h6 {[%clk 0:25:30]} 26. b3 {[%clk 0:26:44]} a4 {[%clk 0:23:19]}
27. Bd2 {[%clk 0:22:46]} Qc5 {[%clk 0:22:47]} 28. Be3 {[%clk 0:22:04]} Qc6
{[%clk 0:22:42]} 29. Bf1 {[%clk 0:22:08]} axb3 {[%clk 0:13:38]} 30. cxb3
{[%clk 0:22:12]} b4 {[%clk 0:12:54]} 31. Qd6 {[%clk 0:20:14]} Qxd6
{[%clk 0:11:27]} 32. Rxd6 {[%clk 0:20:18]} Nbd7 {[%clk 0:11:47]} 33. Bc4
{[%clk 0:18:38]} Rc7 {[%clk 0:11:05]} 34. f3 {[%clk 0:18:47]} Kf8
{[%clk 0:08:38]} 35. Ra6 {[%clk 0:18:30]} Rb7 {[%clk 0:08:23]} 36. Ra4
{[%clk 0:18:36]} Nb8 {[%clk 0:07:48]} 37. Bc5+ {[%clk 0:18:04]} Ke8
{[%clk 0:08:06]} 38. Rxb4 {[%clk 0:17:07]} Rxb4 {[%clk 0:08:30]} 39. Bxb4
{[%clk 0:17:33]} Nc6 {[%clk 0:08:20]} 40. Bb5 {[%clk 0:46:58]} Kd7
{[%clk 0:38:47]} 41. Bc3 {[%clk 0:47:12]} Kd6 {[%clk 0:38:44]} 42. Bxc6
{[%clk 0:47:30]} Kxc6 {[%clk 0:39:09]} 43. Bxe5 {[%clk 0:47:54]} Ne8
{[%clk 0:39:22]} 44. g4 {[%clk 0:46:54]} Kc5 {[%clk 0:39:45]} 45. Bc3
{[%clk 0:46:35]} f6 {[%clk 0:40:05]} 46. Kf2 {[%clk 0:46:18]} Nc7
{[%clk 0:40:19]} 47. e5 {[%clk 0:46:13]} Nd5 {[%clk 0:40:44]} 48. exf6
{[%clk 0:46:13]} gxf6 {[%clk 0:41:07]} 1-0

[Event "13e open internationnal de Sautron"]
[Site "Sautron"]
[Date "2013.10.28"]
[Round "3.9"]
[White "Ruhlmann, Helene"]
[Black "Terrieux, Kevin"]
[Result "0-1"]
[LiveChessVersion "1.4.2"]
[BlackElo "2415"]
[WhiteElo "1814"]

1. d4 {[%clk 1:30:48]} Nf6 {[%clk 1:30:44]} 2. Nf3 {[%clk 1:30:38]} g6
{[%clk 1:29:34]} 3. Bf4 {[%clk 1:28:09]} Bg7 {[%clk 1:27:44]} 4. e3
{[%clk 1:23:34]} d6 {[%clk 1:26:42]} 5. Bd3 {[%clk 1:23:47]} O-O {[%clk 1:26:18]}
6. c4 {[%clk 1:22:59]} Nbd7 {[%clk 1:25:11]} 7. Nc3 {[%clk 1:22:40]} Re8
{[%clk 1:22:13]} 8. O-O {[%clk 1:16:30]} e5 {[%clk 1:18:33]} 9. Bg5
{[%clk 1:14:42]} h6 {[%clk 1:17:45]} 10. Bxf6 {[%clk 1:13:12]} Nxf6
{[%clk 1:17:18]} 11. Qc2 {[%clk 1:11:30]} Bg4 {[%clk 1:13:23]} 12. Nd2
{[%clk 1:06:30]} exd4 {[%clk 1:12:08]} 13. exd4 Nh5 {[%clk 1:12:06]} 14. h3
{[%clk 1:00:33]} Bxh3 {[%clk 0:57:55]} 15. gxh3 {[%clk 0:56:20]} Qg5+
{[%clk 0:58:15]} 16. Kh2 {[%clk 0:52:40]} Qf4+ {[%clk 0:58:38]} 17. Kg2
{[%clk 0:49:48]} Qxd4 {[%clk 0:41:59]} 18. Be4 {[%clk 0:45:27]} Nf4+
{[%clk 0:39:54]} 19. Kh2 {[%clk 0:42:48]} c6 {[%clk 0:38:24]} 20. Rad1
{[%clk 0:39:04]} Qe5 {[%clk 0:35:53]} 21. Bf3 {[%clk 0:09:59]} Qg5
{[%clk 0:24:35]} 22. Nde4 {[%clk 0:08:45]} Qh4 {[%clk 0:24:33]} 23. Bg2
{[%clk 0:09:10]} Be5 {[%clk 0:24:34]} 24. Ng3 {[%clk 0:09:27]} f5
{[%clk 0:20:48]} 25. Rfe1 {[%clk 0:07:49]} Kh8 {[%clk 0:19:03]} 26. Qd2
{[%clk 0:06:35]} Nxg2 {[%clk 0:17:04]} 27. Kxg2 {[%clk 0:07:04]} f4
{[%clk 0:17:11]} 28. Re4 {[%clk 0:06:07]} Qg5 {[%clk 0:16:53]} 29. Nce2
{[%clk 0:03:01]} Rf8 {[%clk 0:16:37]} 30. Nxf4 {[%clk 0:01:55]} Rxf4
{[%clk 0:16:41]} 31. Rxf4 {[%clk 0:02:00]} Bxf4 {[%clk 0:16:56]} 32. Qc3+
{[%clk 0:01:44]} Be5 {[%clk 0:17:21]} 33. Qf3 {[%clk 0:01:23]} Kg7
{[%clk 0:16:43]} 34. Rf1 {[%clk 0:01:04]} Rf8 {[%clk 0:17:03]} 35. Qd3
{[%clk 0:01:32]} h5 {[%clk 0:16:51]} 36. Kh1 {[%clk 0:01:07]} Bxg3
{[%clk 0:16:11]} 37. fxg3 {[%clk 0:01:19]} Rxf1+ {[%clk 0:16:32]} 38. Qxf1
{[%clk 0:01:44]} Qxg3 {[%clk 0:16:51]} 39. b3 {[%clk 0:01:36]} a5
{[%clk 0:16:51]} 40. Qa1+ {[%clk 0:31:10]} Qe5 {[%clk 0:43:57]} 41. Qd1
{[%clk 0:28:07]} d5 {[%clk 0:44:07]} 42. Qc1 {[%clk 0:22:58]} d4 {[%clk 0:44:25]}
43. Qb2 {[%clk 0:23:17]} Qe3 {[%clk 0:43:42]} 44. c5 {[%clk 0:19:51]} Qc3
{[%clk 0:43:06]} 45. Qe2 {[%clk 0:19:30]} Qxc5 {[%clk 0:43:22]} 46. Qe8
{[%clk 0:19:39]} Qd6 {[%clk 0:42:15]} 47. Qc8 {[%clk 0:18:08]} Qe7
{[%clk 0:42:07]} 48. Qa8 {[%clk 0:17:44]} Qd7 {[%clk 0:42:11]} 49. Qb8
{[%clk 0:16:58]} d3 {[%clk 0:42:14]} 50. Qe5+ {[%clk 0:16:52]} Kh7
{[%clk 0:42:38]} 0-1

[Event "13e open internationnal de Sautron"]
[Site "Sautron"]
[Date "2013.10.28"]
[Round "3.10"]
[White "Nguyen, Chi-Minh"]
[Black "Roussel, Glenn"]
[Result "1-0"]
[LiveChessVersion "1.4.2"]
[BlackElo "1944"]
[WhiteElo "2389"]

1. d4 {[%clk 1:30:44]} Nf6 {[%clk 1:30:51]} 2. c4 {[%clk 1:30:32]} c5
{[%clk 1:31:08]} 3. d5 {[%clk 1:30:40]} b5 {[%clk 1:31:04]} 4. Qc2
{[%clk 1:28:17]} Na6 {[%clk 1:30:57]} 5. a3 {[%clk 1:28:29]} bxc4
{[%clk 1:30:41]} 6. Nc3 {[%clk 1:28:13]} e6 {[%clk 1:24:07]} 7. e4
{[%clk 1:24:41]} exd5 {[%clk 1:04:08]} 8. exd5 {[%clk 1:19:58]} Be7
{[%clk 1:02:49]} 9. Bxc4 {[%clk 1:19:17]} O-O {[%clk 1:00:36]} 10. Nge2
{[%clk 1:18:39]} d6 {[%clk 0:59:41]} 11. O-O {[%clk 1:18:33]} Nd7
{[%clk 0:58:37]} 12. Ng3 {[%clk 1:03:54]} Nb6 {[%clk 0:56:20]} 13. Ba2
{[%clk 1:01:23]} Nc7 {[%clk 0:54:47]} 14. Be3 {[%clk 0:58:45]} Bf6
{[%clk 0:53:23]} 15. Nge4 {[%clk 0:57:20]} Bf5 {[%clk 0:52:35]} 16. Nxf6+
{[%clk 0:56:42]} Qxf6 {[%clk 0:52:57]} 17. Qd2 {[%clk 0:56:25]} Rab8
{[%clk 0:48:03]} 18. b4 {[%clk 0:48:58]} cxb4 {[%clk 0:45:46]} 19. axb4
{[%clk 0:45:51]} Qg6 {[%clk 0:44:45]} 20. Ne2 {[%clk 0:42:48]} h6
{[%clk 0:30:56]} 21. Ng3 {[%clk 0:37:28]} Rfe8 {[%clk 0:22:23]} 22. Nxf5
{[%clk 0:33:28]} Qxf5 {[%clk 0:22:46]} 23. Bb1 {[%clk 0:33:32]} Qe5
{[%clk 0:16:39]} 24. Rxa7 {[%clk 0:28:18]} Ncxd5 {[%clk 0:14:38]} 25. Ra5
{[%clk 0:10:30]} Qc3 {[%clk 0:05:53]} 26. Rxd5 {[%clk 0:09:21]} Nxd5
{[%clk 0:05:53]} 27. Qxd5 {[%clk 0:09:47]} Qxb4 {[%clk 0:06:07]} 28. Qd3
{[%clk 0:08:21]} g6 {[%clk 0:06:15]} 29. g3 {[%clk 0:08:25]} Kh7 {[%clk 0:05:50]}
30. h4 {[%clk 0:08:43]} Rb5 {[%clk 0:05:01]} 31. Bd2 {[%clk 0:06:37]} Qc5
{[%clk 0:03:00]} 32. Bf4 {[%clk 0:04:23]} Rd8 {[%clk 0:02:22]} 33. Ba2
{[%clk 0:03:31]} Qf5 {[%clk 0:02:09]} 34. Qd2 {[%clk 0:03:51]} g5
{[%clk 0:01:37]} 35. hxg5 {[%clk 0:03:27]} hxg5 {[%clk 0:02:05]} 36. Be3
{[%clk 0:03:53]} g4 {[%clk 0:01:18]} 37. Bc4 {[%clk 0:03:58]} Qf3
{[%clk 0:00:34]} 38. Bxb5 {[%clk 0:03:47]} Rh8 {[%clk 0:00:54]} 39. Bd4
{[%clk 0:03:43]} 1-0

[Event "13e open internationnal de Sautron"]
[Site "Sautron"]
[Date "2013.10.28"]
[Round "3.11"]
[White "Fretel, Didier"]
[Black "Ider, Borya"]
[Result "0-1"]
[LiveChessVersion "1.4.2"]
[BlackElo "2377"]
[WhiteElo "1743"]

1. b3 {[%clk 1:30:44]} d5 {[%clk 1:30:39]} 2. Bb2 {[%clk 1:28:06]} Bg4
{[%clk 1:31:02]} 3. g3 {[%clk 1:26:21]} c6 {[%clk 1:27:42]} 4. Bg2
{[%clk 1:24:59]} Nd7 {[%clk 1:27:59]} 5. Nf3 {[%clk 1:23:38]} Ngf6
{[%clk 1:28:07]} 6. O-O {[%clk 1:20:47]} e6 {[%clk 1:26:48]} 7. d3
{[%clk 1:18:22]} Bd6 {[%clk 1:26:20]} 8. Nbd2 {[%clk 1:16:13]} O-O
{[%clk 1:24:24]} 9. c4 {[%clk 1:13:16]} a5 {[%clk 1:24:26]} 10. h3
{[%clk 1:09:29]} Bh5 {[%clk 1:21:52]} 11. cxd5 {[%clk 1:06:40]} cxd5
{[%clk 1:21:42]} 12. Rc1 {[%clk 1:05:41]} a4 {[%clk 1:20:39]} 13. g4
{[%clk 0:48:51]} Bg6 {[%clk 1:17:41]} 14. Nh4 {[%clk 0:39:41]} axb3
{[%clk 1:10:57]} 15. Nxg6 {[%clk 0:37:39]} hxg6 {[%clk 1:11:20]} 16. axb3
{[%clk 0:37:09]} Ra2 {[%clk 1:11:30]} 17. Rc2 {[%clk 0:32:32]} Ra6
{[%clk 1:04:40]} 18. Rc1 {[%clk 0:28:37]} Ra2 {[%clk 1:03:22]} 19. Rc2
{[%clk 0:27:18]} Ra8 {[%clk 1:02:38]} 20. Rc1 {[%clk 0:27:14]} Qb6
{[%clk 1:03:03]} 21. Ra1 {[%clk 0:24:41]} Qb4 {[%clk 1:03:00]} 22. Rxa8
{[%clk 0:23:48]} Rxa8 {[%clk 1:03:24]} 23. Qc2 {[%clk 0:20:32]} Ne5
{[%clk 0:52:45]} 24. Qc3 {[%clk 0:14:56]} Qxc3 {[%clk 0:49:40]} 25. Bxc3
{[%clk 0:15:10]} Ra2 {[%clk 0:50:06]} 26. f4 {[%clk 0:07:54]} Nc6
{[%clk 0:49:53]} 27. e3 {[%clk 0:05:20]} Bb4 {[%clk 0:49:29]} 28. Bxb4
{[%clk 0:03:51]} Nxb4 {[%clk 0:49:54]} 29. Nf3 {[%clk 0:03:39]} Nxd3
{[%clk 0:50:18]} 30. Rd1 {[%clk 0:03:25]} Nb4 {[%clk 0:49:54]} 31. Rc1
{[%clk 0:02:56]} Nc6 {[%clk 0:50:11]} 32. b4 {[%clk 0:01:47]} Rb2
{[%clk 0:50:31]} 33. Ra1 {[%clk 0:01:53]} Kf8 {[%clk 0:50:57]} 34. Ra8+
{[%clk 0:01:24]} Ke7 {[%clk 0:51:21]} 35. Ne5 {[%clk 0:00:53]} Nxe5
{[%clk 0:51:35]} 36. fxe5 {[%clk 0:01:19]} Nd7 {[%clk 0:52:01]} 37. b5
{[%clk 0:00:48]} Nxe5 {[%clk 0:52:10]} 38. Bf1 {[%clk 0:00:51]} Nf3+
{[%clk 0:52:36]} 0-1

[Event "13e open internationnal de Sautron"]
[Site "Sautron"]
[Date "2013.10.28"]
[Round "4.2"]
[White "Roiz, Michael"]
[Black "Haub, Thorsten Michael"]
[Result "1/2-1/2"]
[LiveChessVersion "1.4.2"]
[BlackElo "2455"]
[WhiteElo "2614"]

1. d4 {[%clk 1:30:53]} g6 {[%clk 1:30:45]} 2. e4 {[%clk 1:30:57]} Bg7
{[%clk 1:31:09]} 3. c4 {[%clk 1:30:48]} d6 {[%clk 1:31:28]} 4. Nc3
{[%clk 1:31:00]} Nd7 {[%clk 1:31:32]} 5. Nf3 {[%clk 1:30:52]} e6 {[%clk 1:31:50]}
6. Be3 {[%clk 1:29:38]} Ne7 {[%clk 1:32:11]} 7. Qd2 {[%clk 1:28:24]} h6
{[%clk 1:32:35]} 8. Be2 {[%clk 1:28:45]} a6 {[%clk 1:32:45]} 9. O-O
{[%clk 1:28:23]} f5 {[%clk 1:32:41]} 10. exf5 {[%clk 1:28:05]} Nxf5
{[%clk 1:21:17]} 11. Bd3 {[%clk 1:26:23]} Qf6 {[%clk 1:21:40]} 12. c5
{[%clk 1:25:32]} O-O {[%clk 1:18:38]} 13. cxd6 {[%clk 1:23:10]} cxd6
{[%clk 1:16:58]} 14. Bxf5 {[%clk 1:12:36]} gxf5 {[%clk 1:16:27]} 15. Bf4
{[%clk 1:12:49]} Kh7 {[%clk 1:04:42]} 16. Bxd6 {[%clk 1:12:01]} Rg8
{[%clk 1:05:06]} 17. Rfe1 {[%clk 1:06:36]} Qg6 {[%clk 0:59:17]} 18. Bg3
{[%clk 0:59:01]} Nf6 {[%clk 0:56:28]} 19. Ne5 {[%clk 0:53:04]} Qh5
{[%clk 0:55:55]} 20. Rac1 {[%clk 0:47:11]} b5 {[%clk 0:53:48]} 21. Nd3
{[%clk 0:45:18]} Ra7 {[%clk 0:51:21]} 22. Nc5 {[%clk 0:39:58]} Qf7
{[%clk 0:49:15]} 23. Ne2 {[%clk 0:34:46]} h5 {[%clk 0:47:30]} 24. Rcd1
{[%clk 0:30:17]} Nd5 {[%clk 0:41:40]} 25. Nc3 {[%clk 0:28:47]} Bh6
{[%clk 0:41:49]} 26. Qd3 {[%clk 0:27:59]} h4 {[%clk 0:41:00]} 27. Be5
{[%clk 0:27:15]} Qg6 {[%clk 0:38:40]} 28. Qf3 {[%clk 0:24:35]} Nb6
{[%clk 0:38:29]} 29. Ne2 {[%clk 0:19:34]} Nc4 {[%clk 0:34:54]} 30. b3
{[%clk 0:14:32]} Nxe5 {[%clk 0:27:53]} 31. dxe5 {[%clk 0:14:48]} b4
{[%clk 0:28:16]} 32. Rd4 {[%clk 0:13:18]} Rc7 {[%clk 0:28:10]} 33. Rc4
{[%clk 0:13:32]} Rgg7 {[%clk 0:28:34]} 34. g3 {[%clk 0:06:08]} Rxc5
{[%clk 0:23:20]} 35. Rxc5 {[%clk 0:06:26]} 1/2-1/2

[Event "13e open internationnal de Sautron"]
[Site "Sautron"]
[Date "2013.10.28"]
[Round "4.3"]
[White "Riff, Jean-Noel"]
[Black "Burmakin, Vladimir"]
[Result "1/2-1/2"]
[LiveChessVersion "1.4.2"]
[BlackElo "2581"]
[WhiteElo "2445"]

1. e4 {[%clk 1:30:54]} c6 {[%clk 1:30:56]} 2. Nc3 {[%clk 1:31:20]} d5
{[%clk 1:30:10]} 3. Nf3 {[%clk 1:31:43]} g6 {[%clk 1:30:36]} 4. d4
{[%clk 1:31:53]} Bg7 {[%clk 1:31:02]} 5. h3 {[%clk 1:31:05]} dxe4
{[%clk 1:30:36]} 6. Nxe4 {[%clk 1:31:27]} Nd7 {[%clk 1:31:04]} 7. Bc4
{[%clk 1:31:08]} Ngf6 {[%clk 1:31:28]} 8. Nxf6+ {[%clk 1:31:26]} Nxf6
{[%clk 1:29:05]} 9. a4 {[%clk 1:31:27]} O-O {[%clk 1:29:14]} 10. O-O
{[%clk 1:31:07]} Bf5 {[%clk 1:25:41]} 11. c3 {[%clk 1:17:24]} Be4
{[%clk 1:25:53]} 12. Re1 {[%clk 1:17:43]} Bd5 {[%clk 1:25:34]} 13. Bd3
{[%clk 1:17:54]} Qc7 {[%clk 1:12:53]} 14. Ne5 {[%clk 1:09:29]} Rad8
{[%clk 1:11:21]} 15. Bf4 {[%clk 1:08:09]} Qc8 {[%clk 1:11:23]} 16. a5
{[%clk 0:58:55]} Be6 {[%clk 1:04:02]} 17. Qf3 {[%clk 0:59:09]} Nd7
{[%clk 0:50:00]} 18. Ng4 {[%clk 0:44:12]} Nf6 {[%clk 0:47:38]} 19. Ne5
{[%clk 0:43:37]} Nd7 {[%clk 0:47:53]} 20. Ng4 {[%clk 0:43:56]} Nf6
{[%clk 0:44:43]} 21. Ne5 {[%clk 0:42:12]} Nd7 {[%clk 0:45:05]} 22. Ng4
{[%clk 0:42:39]} Nf6 {[%clk 0:45:24]} 23. Ne5 {[%clk 0:43:06]} Nd7
{[%clk 0:45:44]} 24. Ng4 {[%clk 0:43:33]} Nf6 {[%clk 0:46:08]} 1/2-1/2

[Event "13e open internationnal de Sautron"]
[Site "Sautron"]
[Date "2013.10.28"]
[Round "4.4"]
[White "Terrieux, Kevin"]
[Black "Le Roux, Jean-Pierre"]
[Result "1/2-1/2"]
[LiveChessVersion "1.4.2"]
[BlackElo "2571"]
[WhiteElo "2415"]

1. d4 d6 {[%clk 1:30:08]} 2. e4 {[%clk 1:30:58]} Nf6 {[%clk 1:27:12]} 3. Nc3
{[%clk 1:31:00]} g6 {[%clk 1:26:19]} 4. Be3 {[%clk 1:30:42]} a6 {[%clk 1:25:24]}
5. h3 {[%clk 1:23:32]} Bg7 {[%clk 1:21:30]} 6. e5 {[%clk 1:10:54]} Nfd7
{[%clk 1:18:24]} 7. exd6 {[%clk 1:09:15]} cxd6 {[%clk 1:15:07]} 8. Nf3
{[%clk 1:06:39]} b5 {[%clk 1:09:38]} 9. Bd3 {[%clk 1:00:41]} Bb7 {[%clk 1:08:00]}
10. Qd2 {[%clk 0:47:31]} Nf6 {[%clk 0:58:21]} 11. a4 {[%clk 0:41:43]} Nbd7
{[%clk 0:50:05]} 12. axb5 {[%clk 0:38:12]} axb5 {[%clk 0:50:31]} 13. O-O
{[%clk 0:37:30]} b4 {[%clk 0:49:52]} 14. Ne2 {[%clk 0:37:06]} Rb8
{[%clk 0:44:41]} 15. Ne1 {[%clk 0:32:18]} O-O {[%clk 0:43:38]} 16. f4
{[%clk 0:23:44]} Nd5 {[%clk 0:39:06]} 17. f5 {[%clk 0:21:57]} Nxe3
{[%clk 0:37:11]} 18. Qxe3 {[%clk 0:22:21]} Nf6 {[%clk 0:36:27]} 19. Nf3
{[%clk 0:20:57]} Nd5 {[%clk 0:34:50]} 20. Qd2 {[%clk 0:21:01]} Qb6
{[%clk 0:27:13]} 21. Kh1 {[%clk 0:20:47]} Nf6 {[%clk 0:24:05]} 22. Qe3
{[%clk 0:19:36]} Rbe8 {[%clk 0:21:45]} 23. Qf2 {[%clk 0:12:41]} e6
{[%clk 0:19:57]} 24. fxg6 {[%clk 0:11:30]} fxg6 {[%clk 0:19:49]} 25. Qh4
{[%clk 0:11:04]} Nh5 {[%clk 0:18:45]} 26. Ng5 {[%clk 0:10:36]} Qd8
{[%clk 0:14:23]} 27. Qg4 {[%clk 0:08:11]} Nf6 {[%clk 0:11:33]} 28. Qg3
{[%clk 0:08:06]} Nh5 {[%clk 0:10:03]} 29. Qg4 {[%clk 0:08:26]} Nf6
{[%clk 0:09:40]} 30. Qg3 {[%clk 0:08:55]} Nh5 {[%clk 0:09:22]} 31. Qg4
{[%clk 0:09:10]} 1/2-1/2

[Event "13e open internationnal de Sautron"]
[Site "Sautron"]
[Date "2013.10.28"]
[Round "4.6"]
[White "Nguyen, Chi-Minh"]
[Black "Bailet, Pierre"]
[Result "1/2-1/2"]
[LiveChessVersion "1.4.2"]
[BlackElo "2474"]
[WhiteElo "2389"]

1. d4 {[%clk 1:30:53]} Nf6 {[%clk 1:28:34]} 2. c4 {[%clk 1:31:02]} e6
{[%clk 1:28:50]} 3. Nc3 {[%clk 1:30:15]} Bb4 {[%clk 1:28:57]} 4. e3
{[%clk 1:29:22]} b6 {[%clk 1:28:46]} 5. Nge2 {[%clk 1:29:00]} Ba6
{[%clk 1:27:59]} 6. Ng3 {[%clk 1:24:23]} Bxc3+ {[%clk 1:23:51]} 7. bxc3
{[%clk 1:24:48]} d5 {[%clk 1:24:05]} 8. Ba3 {[%clk 1:21:06]} Bxc4
{[%clk 1:22:44]} 9. Bxc4 {[%clk 1:19:17]} dxc4 {[%clk 1:23:03]} 10. Qa4+
{[%clk 1:15:00]} Qd7 {[%clk 1:22:58]} 11. Qxc4 {[%clk 1:15:21]} Qc6
{[%clk 1:23:15]} 12. Qxc6+ {[%clk 1:12:15]} Nxc6 {[%clk 1:23:37]} 13. c4
{[%clk 1:12:36]} O-O-O {[%clk 1:17:51]} 14. Ke2 {[%clk 1:05:45]} Kb7
{[%clk 1:08:12]} 15. Rhc1 {[%clk 1:02:46]} Ne8 {[%clk 1:00:14]} 16. Rab1
{[%clk 0:56:48]} f5 {[%clk 0:52:33]} 17. Nh5 {[%clk 0:38:55]} g5 {[%clk 0:33:54]}
18. Rc2 {[%clk 0:32:53]} Rg8 {[%clk 0:33:03]} 19. h4 {[%clk 0:29:39]} h6
{[%clk 0:32:23]} 20. c5 {[%clk 0:20:23]} Rg6 {[%clk 0:27:09]} 21. cxb6
{[%clk 0:16:22]} axb6 {[%clk 0:26:45]} 22. Rbc1 {[%clk 0:14:56]} e5
{[%clk 0:26:49]} 23. dxe5 {[%clk 0:13:57]} Nxe5 {[%clk 0:26:57]} 24. hxg5
{[%clk 0:13:00]} hxg5 {[%clk 0:27:06]} 25. Ng3 {[%clk 0:08:06]} f4
{[%clk 0:25:52]} 26. Ne4 {[%clk 0:07:30]} fxe3 {[%clk 0:24:51]} 27. fxe3
{[%clk 0:07:53]} Rd7 {[%clk 0:21:35]} 28. Rh1 {[%clk 0:07:32]} 1/2-1/2

[Event "13e open internationnal de Sautron"]
[Site "Sautron"]
[Date "2013.10.28"]
[Round "4.7"]
[White "Drasko, Milan"]
[Black "Dubois, Pierre"]
[Result "1-0"]
[LiveChessVersion "1.4.2"]
[BlackElo "2097"]
[WhiteElo "2451"]

1. Nf3 {[%clk 1:30:54]} Nf6 {[%clk 1:30:53]} 2. g3 {[%clk 1:31:08]} g6
{[%clk 1:31:14]} 3. Bg2 {[%clk 1:31:27]} Bg7 {[%clk 1:31:39]} 4. d4
{[%clk 1:29:32]} O-O {[%clk 1:30:24]} 5. O-O {[%clk 1:29:38]} d6 {[%clk 1:28:39]}
6. c4 {[%clk 1:29:33]} c6 {[%clk 1:27:09]} 7. Nc3 {[%clk 1:28:55]} Nbd7
{[%clk 1:23:12]} 8. e4 {[%clk 1:27:12]} Qc7 {[%clk 1:18:16]} 9. h3
{[%clk 1:26:22]} a6 {[%clk 1:13:22]} 10. Be3 {[%clk 1:19:23]} b5 {[%clk 1:08:00]}
11. Nd2 {[%clk 1:12:51]} e5 {[%clk 0:59:33]} 12. d5 {[%clk 0:55:09]} bxc4
{[%clk 0:50:49]} 13. dxc6 {[%clk 0:51:02]} Qxc6 {[%clk 0:49:54]} 14. Rc1
{[%clk 0:51:18]} Nb6 {[%clk 0:42:39]} 15. Bxb6 {[%clk 0:41:53]} Qxb6
{[%clk 0:42:20]} 16. Nxc4 {[%clk 0:42:16]} Qb4 {[%clk 0:41:36]} 17. b3
{[%clk 0:41:26]} Rd8 {[%clk 0:38:33]} 18. Nxe5 {[%clk 0:38:53]} Bb7
{[%clk 0:38:39]} 19. Nc4 {[%clk 0:27:13]} Rac8 {[%clk 0:36:56]} 20. a3
{[%clk 0:20:57]} Qc5 {[%clk 0:36:12]} 21. Na4 {[%clk 0:21:09]} Qa7
{[%clk 0:28:38]} 22. Nab6 {[%clk 0:19:10]} Rc5 {[%clk 0:28:09]} 23. Re1
{[%clk 0:13:48]} Rb5 {[%clk 0:25:50]} 24. Na4 {[%clk 0:10:38]} Nh5
{[%clk 0:26:17]} 25. Qf3 {[%clk 0:04:55]} Rf5 {[%clk 0:25:22]} 26. Qe2
{[%clk 0:04:19]} Nxg3 {[%clk 0:25:26]} 27. Qd2 {[%clk 0:03:50]} Rh5
{[%clk 0:15:23]} 28. Rcd1 {[%clk 0:03:12]} d5 {[%clk 0:12:43]} 29. Nab6
{[%clk 0:02:57]} Re8 {[%clk 0:12:36]} 30. exd5 {[%clk 0:03:08]} Rxe1+
{[%clk 0:12:32]} 31. Rxe1 {[%clk 0:03:21]} Nf5 {[%clk 0:12:58]} 32. Re8+
{[%clk 0:03:38]} 1-0